<?xml version="1.0" encoding="UTF-8"?>
<collection xmlns="http://www.loc.gov/MARC21/slim">
 <record>
  <leader>01177nam a2200277 a 4500</leader>
  <controlfield tag="001">16493</controlfield>
  <controlfield tag="003">BD-DhAAL</controlfield>
  <controlfield tag="008">090702s2001    nyua     b    000 0 eng d</controlfield>
  <datafield tag="010" ind1=" " ind2=" ">
   <subfield code="a">   00107989 </subfield>
  </datafield>
  <datafield tag="020" ind1=" " ind2=" ">
   <subfield code="a">0500282668</subfield>
  </datafield>
  <datafield tag="040" ind1=" " ind2=" ">
   <subfield code="a">DLC</subfield>
   <subfield code="c">DLC</subfield>
   <subfield code="d">BD-DhAAL</subfield>
  </datafield>
  <datafield tag="082" ind1="0" ind2="0">
   <subfield code="a">720</subfield>
   <subfield code="2">21</subfield>
  </datafield>
  <datafield tag="100" ind1="1" ind2=" ">
   <subfield code="a">LeCuyer, Annette W.</subfield>
   <subfield code="9">31795</subfield>
  </datafield>
  <datafield tag="245" ind1="1" ind2="0">
   <subfield code="a">Radical tectonics /</subfield>
   <subfield code="c">Annette LeCuyer.</subfield>
  </datafield>
  <datafield tag="260" ind1=" " ind2=" ">
   <subfield code="a">New York, N.Y. :</subfield>
   <subfield code="b">Thames &amp; Hudson,</subfield>
   <subfield code="c">c2001.</subfield>
  </datafield>
  <datafield tag="300" ind1=" " ind2=" ">
   <subfield code="a">128 pages :</subfield>
   <subfield code="b">illustrations (some colors) ;</subfield>
   <subfield code="c">25 cm</subfield>
  </datafield>
  <datafield tag="490" ind1=" " ind2=" ">
   <subfield code="a">4 x 4 (Series)</subfield>
  </datafield>
  <datafield tag="504" ind1=" " ind2=" ">
   <subfield code="a">Includes bibliographical references (pages 127-128).</subfield>
  </datafield>
  <datafield tag="526" ind1=" " ind2=" ">
   <subfield code="a">ARC</subfield>
   <subfield code="x">Huraera Jabeen
Faculty member of Department of Architecture</subfield>
  </datafield>
  <datafield tag="541" ind1="1" ind2=" ">
   <subfield code="e">16493</subfield>
   <subfield code="a">Zeenat Book Supply Limited</subfield>
  </datafield>
  <datafield tag="650" ind1=" " ind2="0">
   <subfield code="a">Architecture, Modern</subfield>
   <subfield code="y">20th century.</subfield>
   <subfield code="9">31796</subfield>
  </datafield>
  <datafield tag="830" ind1=" " ind2="0">
   <subfield code="a">4 x 4 (Series)</subfield>
   <subfield code="9">31797</subfield>
  </datafield>
  <datafield tag="852" ind1="4" ind2=" ">
   <subfield code="a">Ayesha Abed Library </subfield>
   <subfield code="c">General Stacks</subfield>
  </datafield>
  <datafield tag="942" ind1=" " ind2=" ">
   <subfield code="2">ddc</subfield>
   <subfield code="c">BK</subfield>
  </datafield>
  <datafield tag="999" ind1=" " ind2=" ">
   <subfield code="c">1980</subfield>
   <subfield code="d">1980</subfield>
  </datafield>
  <datafield tag="952" ind1=" " ind2=" ">
   <subfield code="0">0</subfield>
   <subfield code="1">0</subfield>
   <subfield code="2">ddc</subfield>
   <subfield code="4">0</subfield>
   <subfield code="6">720_LEC_200100000000000</subfield>
   <subfield code="7">0</subfield>
   <subfield code="9">1817</subfield>
   <subfield code="a">BRACUL</subfield>
   <subfield code="b">BRACUL</subfield>
   <subfield code="c">GEN</subfield>
   <subfield code="d">2009-07-02</subfield>
   <subfield code="e">Zeenat Book Supply Limited</subfield>
   <subfield code="g">2093.00</subfield>
   <subfield code="l">7</subfield>
   <subfield code="m">49</subfield>
   <subfield code="o">720 LEC</subfield>
   <subfield code="p">3010016493</subfield>
   <subfield code="r">2025-01-02</subfield>
   <subfield code="s">2024-07-15</subfield>
   <subfield code="t">1</subfield>
   <subfield code="w">2009-07-02</subfield>
   <subfield code="y">BK</subfield>
   <subfield code="x">Requisitioned by Huraera Jabeen, Faculty member of Department of Architecture (ARC).</subfield>
  </datafield>
 </record>
</collection>
